La iglesia costarricense y la cuestión social: Antecedentes y análisis de la reforma social de 1940-1943
Uloženo v:
| Hlavní autor: | |
|---|---|
| Médium: | Kniha |
| Jazyk: | Undetermined |
| Vydáno: |
San José, Costa Rica
Escuela de Filosofía, Universidad de Costa Rica
1984
|
| Témata: | |
| Tagy: |
Přidat tag
Žádné tagy, Buďte první, kdo vytvoří štítek k tomuto záznamu!
|
MARC
| LEADER | 00000nam a2200000Ia 4500 | ||
|---|---|---|---|
| 008 | 170316s9999 xx 000 0 und d | ||
| 040 | |a cru BVZT | ||
| 090 | |a TESIS 381 | ||
| 100 | |a Soto Valverde, Gustavo Adolfo | ||
| 245 | |a La iglesia costarricense y la cuestión social: Antecedentes y análisis de la reforma social de 1940-1943 | ||
| 260 | |a San José, Costa Rica | ||
| 260 | |b Escuela de Filosofía, Universidad de Costa Rica | ||
| 260 | |c 1984 | ||
| 300 | |a TOMO I: 402 páginas TOMO II: 420 páginas | ||
| 650 | |a LICENCIATURA EN FILOSOFÍA | ||
| 650 | |a TRABAJO FINAL DE GRADUACIÓN | ||
| 999 | |c 14014 |d 14014 | ||
| 942 | |c TFG |h TESIS 381 |2 z | ||
